[Event "GER-ch Seniors 22nd"]
[Site "Berlin"]
[Date "2010.08.18"]
[Round "3"]
[White "Gimber, Robert"]
[Black "Hoelting, Siegfried"]
[Result "1/2-1/2"]
[WhiteElo "1635"]
[BlackElo "1853"]
[PlyCount "103"]
[EventDate "2010.08.16"]
[EventType "swiss"]
[EventRounds "9"]
[EventCountry "GER"]
[SourceTitle "CBM 138 Extra"]
[Source "ChessBase"]
[SourceDate "2010.10.29"]
[SourceVersion "1"]
[SourceVersionDate "2010.10.29"]
[SourceQuality "1"]

1. Nf3 d5 2. d4 Nf6 3. c4 c6 4. Nc3 e6 5. Bg5 Nbd7 6. e3 Be7 7. Rc1 0-0 8. Bd3 h6 9. Bh4 dxc4 10. Bxc4 b5 11. Bd3 Bb7 12. 0-0 a6 13. Re1 c5 14. dxc5 Nxc5 15. Bb1 Qxd1 16. Rexd1 g5 17. Bg3 Rac8 18. Ne5 b4 19. Ne2 Nfe4 20. f3 Nxg3 21. hxg3 Bf6 22. Nc4 Na4 23. b3 Nc3 24. Nxc3 Bxc3 25. a3 Bd5 26. Nb6 Rcd8 27. Nxd5 Rxd5 28. Rxd5 exd5 29. Rd1 Re8 30. Kf2 Rd8 31. axb4 Bxb4 32. Be4 d4 33. exd4 Bc5 34. Ke3 Kg7 35. Rd3 Bb4 36. Ke2 Re8 37. g4 h5 38. Kf2 hxg4 39. Kg3 gxf3 40. gxf3 Kf6 41. d5 Ke5 42. Kg4 f6 43. Bf5 Kd6 44. Be6 Ke7 45. Kf5 Bd6 46. Kg6 Be5 47. Rd1 a5 48. Rh1 Rb8 49. Rh7+ Kd6 50. Rd7+ Kc5 51. Ra7 Rxb3 52. Rxa5+ 1/2-1/2

[Event "GER-ch Seniors-A 20th"]
[Site "Erfurt"]
[Date "2008.08.10"]
[Round "6"]
[White "Wojtkowiak, Horst"]
[Black "Gimber, Robert"]
[Result "1-0"]
[WhiteElo "1677"]
[BlackElo "1653"]
[PlyCount "85"]
[EventDate "2008.08.05"]
[EventType "swiss"]
[EventRounds "9"]
[EventCountry "GER"]
[SourceTitle "CBM 126 Extra"]
[Source "ChessBase"]
[SourceDate "2008.11.05"]
[SourceVersion "1"]
[SourceVersionDate "2008.11.05"]
[SourceQuality "1"]

1. c4 d6 2. Nc3 Nf6 3. Nf3 g6 4. g3 Bg7 5. Bg2 0-0 6. 0-0 e5 7. e4 Nbd7 8. d3 Ne8 9. Be3 f5 10. Bg5 Ndf6 11. exf5 gxf5 12. Qd2 c6 13. Rae1 Qc7 14. c5 Nd5 15. cxd6 Qxd6 16. Nxd5 cxd5 17. d4 e4 18. Ne5 Bxe5 19. dxe5 Qxe5 20. Be3 Nd6 21. Bd4 Qe6 22. Bc3 Nb5 23. Bb4 Re8 24. a4 Nc7 25. Bc3 Bd7 26. Qd4 Qg6 27. h4 h5 28. b3 Bc6 29. Bh3 Ne6 30. Qe3 b6 31. Kh2 Rad8 32. Rd1 Kh7 33. Bb2 Rd7 34. Qc3 Bb7 35. Qe5 Rf8 36. Ba3 Nc5 37. f3 Rff7 38. fxe4 Rde7 39. Qxe7 Rxe7 40. Bxf5 dxe4 41. Bxg6+ Kxg6 42. Rd6+ Re6 43. Bxc5 1-0

[Event "GER-ch Seniors-A 20th"]
[Site "Erfurt"]
[Date "2008.08.07"]
[Round "3"]
[White "Gimber, Robert"]
[Black "Swoboda, Peter"]
[Result "0-1"]
[WhiteElo "1653"]
[BlackElo "1920"]
[PlyCount "102"]
[EventDate "2008.08.05"]
[EventType "swiss"]
[EventRounds "9"]
[EventCountry "GER"]
[SourceTitle "CBM 126 Extra"]
[Source "ChessBase"]
[SourceDate "2008.11.05"]
[SourceVersion "1"]
[SourceVersionDate "2008.11.05"]
[SourceQuality "1"]

1. Nf3 d5 2. d4 Nf6 3. c4 e6 4. Nc3 c6 5. Bg5 Nbd7 6. e3 Qa5 7. Bxf6 Nxf6 8. Nd2 Bb4 9. Qc2 0-0 10. Bd3 Re8 11. 0-0 e5 12. dxe5 Rxe5 13. Nb3 Qc7 14. cxd5 Rh5 15. g3 Bxc3 16. d6 Qd7 17. bxc3 Qxd6 18. Rad1 Qc7 19. Nd4 Bh3 20. Rfe1 g6 21. Rb1 c5 22. Ne2 Bg4 23. Nf4 Rh6 24. e4 b6 25. Nd5 Qe5 26. c4 Bf3 27. Nxf6+ Qxf6 28. e5 Qe6 29. Be4 Bxe4 30. Qxe4 Re8 31. Qf4 Rh5 32. Qe4 Rxe5 33. Qxe5 Qxe5 34. Rxe5 Rxe5 35. Rb2 Re4 36. Rc2 f5 37. f4 Kf7 38. Kf2 Kf6 39. Kf1 h6 40. h4 g5 41. fxg5+ hxg5 42. hxg5+ Kxg5 43. Kf2 Kf6 44. Kf3 Ke5 45. a4 Kd4 46. a5 bxa5 47. Ra2 Kxc4 48. Rxa5 Re7 49. Kf4 Rf7 50. Ke5 Kb4 51. Ra6 c4 0-1

[Event "Saarland-ch Seniors"]
[Site "Eppelborn"]
[Date "2008.03.26"]
[Round "7"]
[White "Gimber, Robert"]
[Black "Backes, Robert"]
[Result "0-1"]
[WhiteElo "1946"]
[BlackElo "1568"]
[PlyCount "81"]
[EventDate "2008.03.15"]
[EventType "swiss"]
[EventRounds "9"]
[EventCountry "GER"]
[SourceTitle "EXT 2010"]
[Source "ChessBase"]
[SourceDate "2010.11.25"]
[SourceVersion "1"]
[SourceVersionDate "2010.11.25"]
[SourceQuality "1"]

1. Nf3 d5 2. d4 c6 3. c4 Nf6 4. Nc3 e6 5. Bg5 Nbd7 6. e3 Bb4 7. Nd2 Be7 8. Bd3 a6 9. 0-0 0-0 10. f3 h6 11. Bh4 Ne8 12. Bf2 Nef6 13. e4 dxe4 14. fxe4 e5 15. Nf3 exd4 16. Bxd4 Bc5 17. Bxc5 Nxc5 18. Bc2 Be6 19. b3 Qb6 20. Kh1 Rad8 21. Qe2 Qc7 22. e5 Nh7 23. Rad1 Bg4 24. b4 Bxf3 25. gxf3 Rxd1 26. Rxd1 Ne6 27. Bxh7+ Kxh7 28. Qe4+ g6 29. f4 Ng7 30. Qd3 Qe7 31. Ne4 Qxb4 32. Nf6+ Kh8 33. Qd6 Qxd6 34. exd6 Rd8 35. c5 Ne6 36. Ne4 f5 37. Nc3 Nxc5 38. Kg2 Kg7 39. Kf3 Kf6 40. Ne2 Rd7 41. h4 0-1

[Event "Saarland-ch Seniors"]
[Site "Eppelborn"]
[Date "2008.03.26"]
[Round "6"]
[White "Gimber, Robert"]
[Black "Lang, Hermann"]
[Result "0-1"]
[WhiteElo "1946"]
[BlackElo "1976"]
[PlyCount "92"]
[EventDate "2008.03.15"]
[EventType "swiss"]
[EventRounds "9"]
[EventCountry "GER"]
[SourceTitle "EXT 2010"]
[Source "ChessBase"]
[SourceDate "2010.11.25"]
[SourceVersion "1"]
[SourceVersionDate "2010.11.25"]
[SourceQuality "1"]

1. Nf3 Nf6 2. d4 c5 3. d5 d6 4. c4 b5 5. Nc3 b4 6. Nb1 g6 7. Nbd2 Bg7 8. e4 Nbd7 9. Bd3 0-0 10. 0-0 Nh5 11. Re1 Nf4 12. Nb3 Nxd3 13. Qxd3 Ba6 14. a3 Nb6 15. Nfd2 bxa3 16. Rxa3 Bc8 17. Na5 Bd7 18. Kh1 Qc7 19. f4 Na4 20. Ndb3 Rab8 21. Qc2 Rb6 22. Re3 Rfb8 23. Ra2 Ra6 24. Bd2 Nxb2 25. Rxb2 Bxb2 26. Qxb2 Rxa5 27. Bxa5 Qxa5 28. Qc1 Qa2 29. Nd2 Rb2 30. Re2 Ba4 31. e5 Rc2 32. Qe1 Qb2 33. Qf2 Bb3 34. exd6 exd6 35. Qe3 Rc1+ 36. Re1 Rxe1+ 37. Qxe1 Qc3 38. h4 h5 39. Kh2 Bc2 40. Qe8+ Kg7 41. Nf3 Qxc4 42. Ng5 Qxf4+ 43. Kg1 c4 44. Qe7 Qd4+ 45. Kh1 Qxd5 46. Kg1 a5 0-1

[Event "Saarland-ch Seniors"]
[Site "Eppelborn"]
[Date "2008.03.26"]
[Round "3"]
[White "Schampel, Arno"]
[Black "Gimber, Robert"]
[Result "1-0"]
[WhiteElo "1987"]
[BlackElo "1946"]
[PlyCount "129"]
[EventDate "2008.03.15"]
[EventType "swiss"]
[EventRounds "9"]
[EventCountry "GER"]
[SourceTitle "EXT 2010"]
[Source "ChessBase"]
[SourceDate "2010.11.25"]
[SourceVersion "1"]
[SourceVersionDate "2010.11.25"]
[SourceQuality "1"]

1. d4 Nf6 2. c4 g6 3. Nc3 Bg7 4. e4 d6 5. Be2 0-0 6. Bg5 Nbd7 7. Qd2 a6 8. Nf3 e5 9. 0-0 Re8 10. d5 Nc5 11. Qc2 c6 12. b4 Ncd7 13. Rac1 Qc7 14. h3 h6 15. Be3 a5 16. b5 cxb5 17. cxb5 Nc5 18. Qb2 b6 19. Nd2 Bd7 20. Na4 Qb8 21. Nxc5 bxc5 22. a4 Bc8 23. Nc4 Nd7 24. Bd2 Nb6 25. Qc2 Nxc4 26. Bxc4 f5 27. f3 Rf8 28. Bd3 f4 29. Rb1 Qb6 30. Kh2 g5 31. Be1 h5 32. g4 Rf6 33. Be2 Rh6 34. Kg2 Kf7 35. Rh1 Bd7 36. Bf2 Rah8 37. Rbg1 Qd8 38. Qd2 Qc7 39. Be1 Ra8 40. h4 hxg4 41. fxg4 gxh4 42. Bxh4 Rah8 43. Qe1 c4 44. Bf2 Rg6 45. Rxh8 Bxh8 46. Kf3 Qc8 47. g5 Qd8 48. Bh4 Qc8 49. Qc3 Qc5 50. Bf2 Qc8 51. Qxc4 Qd8 52. Bh4 Bf6 53. Kf2 Bxg5 54. Bxg5 Qb6+ 55. Kf1 Bh3+ 56. Ke1 Qxg1+ 57. Kd2 Qe3+ 58. Kc2 Qc5 59. Qxc5 dxc5 60. Bh5 Kg7 61. Bxg6 Kxg6 62. Bd8 f3 63. Bh4 Kh5 64. Bf2 Kg4 65. b6 1-0

[Event "Saarland-ch Seniors 26th"]
[Site "Germany"]
[Date "2007.04.07"]
[Round "9"]
[White "Passeier, Helmut"]
[Black "Gimber, Robert"]
[Result "1-0"]
[WhiteElo "1888"]
[BlackElo "1745"]
[PlyCount "81"]
[EventDate "2007.03.30"]
[EventType "swiss"]
[EventRounds "9"]
[EventCountry "GER"]
[SourceTitle "EXT 2008"]
[Source "ChessBase"]
[SourceDate "2007.11.25"]
[SourceVersion "1"]
[SourceVersionDate "2007.11.25"]
[SourceQuality "1"]

1. d4 Nf6 2. c4 g6 3. Nc3 Bg7 4. e4 d6 5. f4 0-0 6. Nf3 Nbd7 7. Be2 Ne8 8. 0-0 f5 9. e5 Nb8 10. Qb3 c6 11. c5+ d5 12. Qa3 Nc7 13. b4 Bd7 14. Rb1 b5 15. Bd2 Ne6 16. Nd1 Qc8 17. Rb3 Na6 18. Qa5 Nac7 19. Qa3 Qe8 20. Kh1 h6 21. Qc1 Kh7 22. Nf2 Rh8 23. Rg1 Kg8 24. g4 Qf7 25. gxf5 gxf5 26. Qf1 Rh7 27. Rd3 h5 28. Nh3 Kh8 29. Nfg5 Qg8 30. Nxh7 Qxh7 31. Ng5 Nxg5 32. Rxg5 Be8 33. Qg1 Ne6 34. Rg2 Bh6 35. Qf2 Bf7 36. Qh4 Rg8 37. Rxg8+ Kxg8 38. Bxh5 Bxh5 39. Qxh5 Nxf4 40. Rg3+ Kh8 41. Qe8+ 1-0

[Event "GER-ch Seniors 18th"]
[Site "Dresden"]
[Date "2006.07.29"]
[Round "8"]
[White "Gimber, Robert"]
[Black "Piastowski, Kurt"]
[Result "1-0"]
[WhiteElo "1745"]
[BlackElo "1844"]
[PlyCount "43"]
[EventDate "2006.07.22"]
[EventType "swiss"]
[EventRounds "9"]
[EventCountry "GER"]
[SourceTitle "EXT 2022"]
[Source "ChessBase"]
[SourceDate "2021.10.06"]
[SourceVersion "1"]
[SourceVersionDate "2021.10.06"]
[SourceQuality "1"]

1. Nf3 d5 2. d4 Nf6 3. c4 e6 4. Nc3 b6 5. cxd5 exd5 6. e3 Bb7 7. Qa4+ c6 8. Ne5 Be7 9. Bd3 0-0 10. 0-0 Qd6 11. Bd2 Nbd7 12. f4 b5 13. Qc2 b4 14. Na4 a5 15. Rac1 Rac8 16. Nxd7 Nxd7 17. Bxh7+ Kh8 18. Bf5 g6 19. Bxd7 Qxd7 20. Nb6 Qe6 21. Nxc8 Rxc8 22. f5 1-0

[Event "GER-ch Seniors 18th"]
[Site "Dresden"]
[Date "2006.07.23"]
[Round "2"]
[White "Gimber, Robert"]
[Black "Nietsch, Horst"]
[Result "0-1"]
[WhiteElo "1745"]
[BlackElo "1883"]
[PlyCount "64"]
[EventDate "2006.07.22"]
[EventType "swiss"]
[EventRounds "9"]
[EventCountry "GER"]
[SourceTitle "EXT 2022"]
[Source "ChessBase"]
[SourceDate "2021.10.06"]
[SourceVersion "1"]
[SourceVersionDate "2021.10.06"]
[SourceQuality "1"]

1. Nf3 d5 2. d4 c6 3. c4 e6 4. Nc3 Nf6 5. Bg5 h6 6. Bh4 Be7 7. e3 Nbd7 8. Rc1 Ne4 9. Bxe7 Qxe7 10. Bd3 f5 11. 0-0 0-0 12. Nd2 Ndf6 13. f3 Nd6 14. e4 dxc4 15. Nxc4 Nxc4 16. Bxc4 Kh8 17. Kh1 Bd7 18. Qe2 Qb4 19. a3 Qa5 20. Bd3 Rae8 21. Qc2 f4 22. Ne2 Qg5 23. Qc5 b6 24. Qxg5 hxg5 25. h4 Nh7 26. d5 exd5 27. exd5 c5 28. hxg5 Nxg5 29. Kg1 Re3 30. Bc4 b5 31. Bxb5 Bxb5 32. Nc3 Bxf1 0-1

[Event "GER-ch Seniors-A 17th"]
[Site "Essen"]
[Date "2005.08.28"]
[Round "9"]
[White "Falke, Karl"]
[Black "Gimber, Robert"]
[Result "1-0"]
[WhiteElo "1688"]
[BlackElo "1894"]
[PlyCount "44"]
[EventDate "2005.08.20"]
[EventType "swiss"]
[EventRounds "9"]
[EventCountry "GER"]
[SourceTitle "CBM 108 Extra"]
[Source "ChessBase"]
[SourceDate "2005.11.04"]
[SourceVersion "1"]
[SourceVersionDate "2005.11.04"]
[SourceQuality "1"]

1. e4 d6 2. d4 Nf6 3. Nc3 g6 4. f4 Bg7 5. Nf3 0-0 6. Be2 c5 7. d5 a6 8. a4 Nbd7 9. 0-0 Kh8 10. Qe1 Ng8 11. Bd3 f5 12. e5 dxe5 13. fxe5 Re8 14. e6 Nb6 15. Ne5 Bxe5 16. Qxe5+ Nf6 17. Bg5 Kg7 18. b3 Kg8 19. a5 Nbxd5 20. Nxd5 Nxd5 21. Bc4 h6 22. Bxh6 Nf6 1-0

[Event "GER-ch Seniors-A 17th"]
[Site "Essen"]
[Date "2005.08.28"]
[Round "8"]
[White "Gimber, Robert"]
[Black "Schuler, Georg"]
[Result "0-1"]
[WhiteElo "1894"]
[BlackElo "2065"]
[PlyCount "55"]
[EventDate "2005.08.20"]
[EventType "swiss"]
[EventRounds "9"]
[EventCountry "GER"]
[SourceTitle "CBM 108 Extra"]
[Source "ChessBase"]
[SourceDate "2005.11.04"]
[SourceVersion "1"]
[SourceVersionDate "2005.11.04"]
[SourceQuality "1"]

1. Nf3 c5 2. e4 Nc6 3. d4 cxd4 4. Nxd4 g6 5. Nc3 Bg7 6. Nxc6 bxc6 7. Be2 d6 8. Bf4 Qb6 9. Rb1 Nf6 10. 0-0 0-0 11. e5 dxe5 12. Bxe5 Be6 13. Bf3 Rad8 14. Qe2 Qc5 15. Rfd1 Bc4 16. Qe1 e6 17. Bxf6 Bxf6 18. Ne4 Qe7 19. Nxf6+ Qxf6 20. Bxc6 Bxa2 21. Rxd8 Rxd8 22. Rd1 Rxd1 23. Qxd1 Qxb2 24. g3 Qb1 25. Qxb1 Bxb1 26. c4 Kf8 27. f4 Ke7 28. c5 0-1

[Event "Saarland-ch Seniors 24th"]
[Site "Steinrausch"]
[Date "2005.03.21"]
[Round "4"]
[White "Gimber, Robert"]
[Black "Wolf, Margot"]
[Result "1-0"]
[WhiteElo "1710"]
[BlackElo "1320"]
[PlyCount "59"]
[EventDate "2005.03.18"]
[EventType "swiss"]
[EventRounds "9"]
[EventCountry "GER"]
[SourceTitle "EXT 2006"]
[Source "ChessBase"]
[SourceDate "2005.11.24"]
[SourceVersion "1"]
[SourceVersionDate "2005.11.24"]
[SourceQuality "1"]

1. Nf3 d5 2. d4 Nf6 3. c4 e6 4. Nc3 Be7 5. Bg5 Nbd7 6. e3 c6 7. Rc1 0-0 8. Bd3 dxc4 9. Bxc4 Nd5 10. Bxe7 Qxe7 11. 0-0 Nxc3 12. Rxc3 e5 13. dxe5 Nxe5 14. Nxe5 Qxe5 15. f4 Qe4 16. Bb3 Bf5 17. Bc2 Qe6 18. Bxf5 Qxf5 19. Qb3 Rab8 20. Rd1 Qf6 21. Rcd3 h6 22. Rd6 Qe7 23. Rd7 Qe6 24. Qxe6 fxe6 25. Kf2 Rf7 26. Rxf7 Kxf7 27. Rd7+ Kf6 28. Kf3 g6 29. e4 h5 30. e5+ 1-0

[Event "Saarland-ch Seniors 24th"]
[Site "Steinrausch"]
[Date "2005.03.18"]
[Round "1"]
[White "Ewen, Ewald"]
[Black "Gimber, Robert"]
[Result "0-1"]
[WhiteElo "1384"]
[BlackElo "1710"]
[PlyCount "120"]
[EventDate "2005.03.18"]
[EventType "swiss"]
[EventRounds "9"]
[EventCountry "GER"]
[SourceTitle "EXT 2006"]
[Source "ChessBase"]
[SourceDate "2005.11.24"]
[SourceVersion "1"]
[SourceVersionDate "2005.11.24"]
[SourceQuality "1"]

1. d4 Nf6 2. Nf3 g6 3. c4 Bg7 4. Nc3 0-0 5. Bf4 d6 6. e3 c5 7. dxc5 Qa5 8. Bd3 Qxc5 9. 0-0 Nc6 10. h3 Be6 11. b3 Nb4 12. Rc1 Nxd3 13. Qxd3 Qh5 14. Nh2 Nd7 15. Qd1 Qa5 16. Qe1 Nc5 17. Qd2 Bf5 18. f3 Nd3 19. e4 Nxc1 20. Rxc1 Bxc3 21. Qxc3 Qxc3 22. Rxc3 Be6 23. Nf1 Rac8 24. Rd3 f5 25. e5 dxe5 26. Bxe5 Rfd8 27. Rd2 Rxd2 28. Nxd2 Rd8 29. Bf4 Kf7 30. Kf2 Kf6 31. Ke3 g5 32. Bc7 Rd7 33. Ba5 f4+ 34. Ke2 Bf5 35. Bc3+ Kg6 36. Ne4 Bxe4 37. fxe4 h5 38. Bb2 a6 39. a4 e6 40. b4 g4 41. hxg4 hxg4 42. b5 Rc7 43. Kd3 f3 44. gxf3 gxf3 45. Ke3 f2 46. Kxf2 Rxc4 47. Ke3 Rxa4 48. bxa6 bxa6 49. Kf4 Rc4 50. Ke5 Kf7 51. Kf4 a5 52. Ke3 a4 53. Kd3 Rb4 54. Bc3 Rb7 55. Kc2 a3 56. Ba1 a2 57. Bb2 Kg6 58. e5 Kf5 59. Kc1 Ke4 60. Kc2 Rb5 0-1

[Event "GER-chA Seniors 16th"]
[Site "Templin"]
[Date "2004.09.12"]
[Round "9"]
[White "Gimber, Robert"]
[Black "Kroener, Otto"]
[Result "1-0"]
[WhiteElo "1729"]
[BlackElo "1759"]
[PlyCount "115"]
[EventDate "2004.09.04"]
[EventType "swiss"]
[EventRounds "9"]
[EventCountry "GER"]
[SourceTitle "EXT 2005"]
[Source "ChessBase"]
[SourceDate "2004.11.15"]
[SourceVersion "1"]
[SourceVersionDate "2004.11.15"]
[SourceQuality "1"]

1. Nf3 Nf6 2. d4 d5 3. c4 e6 4. Nc3 Be7 5. Bg5 0-0 6. e3 Nbd7 7. Rc1 b6 8. cxd5 Nxd5 9. Nxd5 Bxg5 10. Nxc7 Rb8 11. Nb5 Be7 12. Bd3 Bb4+ 13. Nc3 Bb7 14. 0-0 Qf6 15. e4 Qh6 16. Qa4 Bxc3 17. Rxc3 Nf6 18. Re1 a6 19. Qd1 Rfd8 20. h3 Qf4 21. Qe2 b5 22. Qe3 Qxe3 23. Rxe3 Rbc8 24. Rxc8 Rxc8 25. Re1 Kf8 26. Kh2 h6 27. Ne5 Rd8 28. Nf3 Rc8 29. Nd2 Rc7 30. Nb3 Bc8 31. Rc1 Rxc1 32. Nxc1 Ke7 33. Nb3 Nd7 34. Kg3 Kd6 35. Kf4 e5+ 36. Ke3 exd4+ 37. Kxd4 Ne5 38. f4 Nxd3 39. Kxd3 Be6 40. Kd4 f6 41. h4 g6 42. e5+ fxe5+ 43. fxe5+ Kc6 44. Nc1 b4 45. a3 bxa3 46. bxa3 Kb5 47. Nd3 Kc6 48. Nc5 Bc8 49. g3 h5 50. Kc4 Bh3 51. Kd4 Bc8 52. a4 Kc7 53. Kd5 a5 54. e6 Kd8 55. Kd6 Ke8 56. Kc7 Bxe6 57. Nxe6 Ke7 58. Nf4 1-0

[Event "GER-chA Seniors 16th"]
[Site "Templin"]
[Date "2004.09.04"]
[Round "1"]
[White "Schlinkert, Karl"]
[Black "Gimber, Robert"]
[Result "1-0"]
[WhiteElo "2088"]
[BlackElo "1729"]
[PlyCount "33"]
[EventDate "2004.09.04"]
[EventType "swiss"]
[EventRounds "9"]
[EventCountry "GER"]
[SourceTitle "EXT 2005"]
[Source "ChessBase"]
[SourceDate "2004.11.15"]
[SourceVersion "1"]
[SourceVersionDate "2004.11.15"]
[SourceQuality "1"]

1. Nf3 Nf6 2. c4 g6 3. Nc3 Bg7 4. g3 0-0 5. Bg2 d6 6. d4 Nbd7 7. 0-0 e5 8. b3 exd4 9. Nxd4 Ne5 10. Bb2 c6 11. Qd2 Re8 12. Rad1 Nfg4 13. Nc2 Re7 14. h3 Bh6 15. e3 Nf6 16. Qxd6 Ned7 17. Qxf6 1-0

[Event "Voelklingen ST-ch"]
[Site "Voelklingen"]
[Date "2003.04.16"]
[Round "5.3"]
[White "Gimber, Robert"]
[Black "Both, Gerhard"]
[Result "0-1"]
[WhiteElo "1736"]
[BlackElo "1967"]
[PlyCount "90"]
[EventDate "2003.04.11"]
[EventType "swiss"]
[EventRounds "7"]
[EventCountry "GER"]
[SourceTitle "EXT 2004"]
[Source "ChessBase"]
[SourceDate "2003.11.25"]
[SourceVersion "1"]
[SourceVersionDate "2003.11.25"]
[SourceQuality "1"]

1. Nf3 Nf6 2. d4 d5 3. c4 e6 4. Nc3 c6 5. Bg5 Nbd7 6. e3 Qa5 7. Bxf6 Nxf6 8. Nd2 Bd6 9. Rc1 0-0 10. Bd3 e5 11. cxd5 cxd5 12. Nb3 Qd8 13. dxe5 Bxe5 14. 0-0 Bg4 15. f3 Be6 16. Kh1 Rc8 17. Nd4 Bxd4 18. exd4 Nh5 19. f4 Qh4 20. Qe1 Qxe1 21. Rcxe1 Nf6 22. f5 Bd7 23. Re5 Bc6 24. h3 Rfe8 25. Rfe1 Kf8 26. Kh2 Nd7 27. Rxe8+ Rxe8 28. Rxe8+ Kxe8 29. Kg3 f6 30. Kf4 Ke7 31. b4 a6 32. a4 Nb6 33. a5 Nc8 34. g4 Kd6 35. h4 Ne7 36. g5 Bd7 37. Ne2 Nc6 38. b5 axb5 39. Bxb5 Nxa5 40. Bxd7 Kxd7 41. Nc3 Kc6 42. h5 h6 43. gxh6 gxh6 44. Ke3 Nc4+ 45. Kd3 Nd6 0-1

[Event "Voelklingen ST-ch"]
[Site "Voelklingen"]
[Date "2003.04.11"]
[Round "1.7"]
[White "Gimber, Robert"]
[Black "Wolf, Margot"]
[Result "1-0"]
[WhiteElo "1736"]
[BlackElo "1201"]
[PlyCount "39"]
[EventDate "2003.04.11"]
[EventType "swiss"]
[EventRounds "7"]
[EventCountry "GER"]
[SourceTitle "EXT 2004"]
[Source "ChessBase"]
[SourceDate "2003.11.25"]
[SourceVersion "1"]
[SourceVersionDate "2003.11.25"]
[SourceQuality "1"]

1. Nf3 d5 2. d4 e6 3. c4 Nf6 4. Nc3 c6 5. Bg5 Be7 6. e3 0-0 7. Rc1 Nbd7 8. Bd3 dxc4 9. Bxc4 Nd5 10. Bxe7 Qxe7 11. 0-0 Nxc3 12. Rxc3 e5 13. Re1 exd4 14. exd4 Qd8 15. Rce3 Nf6 16. Ne5 Nd7 17. Nxf7 Qb6 18. Re8 Nf6 19. Nh6+ Kh8 20. Rxf8+ 1-0